|
|
|
|
| LEADER |
01136nab#a2200409#ar4500 |
| 001 |
000119213 |
| 003 |
SVKKK |
| 005 |
20170224102523.0 |
| 008 |
130826c2016 xo |||||||||||||||b|slo |
| FMT |
|
|
|
| 015 |
|
|
|a SNBRB2017/02
|
| 038 |
|
|
|a SVKKK
|
| 040 |
|
|
|a SVKKK
|b slo
|e AACR2
|
| 041 |
0 |
|
|a slo
|
| 044 |
|
|
|a xo
|c SK
|
| 080 |
|
|
|a 796.5
|x (437.6)
|2 2011
|
| 080 |
|
|
|a 502.172
|x (437.6)
|2 2001
|
| 080 |
|
|
|a 398.8
|x (437.6)
|2 2011
|
| 100 |
1 |
|
|a Bocánová, Martina
|4 aut
|
| 245 |
1 |
0 |
|a Detviansky "holopupkársky" kroj
|c Martina Bocánová, Martin Priečko ; Ján Lacika, Zuzana Kollárová
|
| 300 |
|
|
|b Fotogr.
|
| 650 |
0 |
4 |
|a turistika
|
| 650 |
0 |
4 |
|a ľudové tradície
|
| 650 |
0 |
4 |
|a folklór
|
| 650 |
0 |
4 |
|a ľudové kroje
|
| 651 |
|
4 |
|a Podpoľanie (Slovensko)
|
| 700 |
1 |
|
|a Priečko, Martin
|4 aut
|
| 700 |
1 |
|
|a Lacika, Ján
|4 pht
|
| 700 |
1 |
|
|a Kollárová, Zuzana
|4 pht
|
| 773 |
0 |
|
|t Krásy Slovenska
|g Roč. 93, č. 7-8 (2016), s. 16-17
|x 0323-0643
|
| 974 |
|
|
|a MI
|
| 992 |
|
|
|a RBX
|
| BAS |
|
|
|
| 852 |
|
|
|a SVKKK
|b BIB
|
| 856 |
4 |
1 |
|u http://www.krasy-slovenska.eu/articles/view/1942/Podpo%C4%BEanie
|
| EXP |
|
|
|
| 998 |
|
|
|a SLO
|